Individual and team sports for women /

Bibliographic Details
Main Author: Miller, Donna Mae
Other Authors: Ley, Katherine L.
Format: Book
Language:English
Published: New York : Prentice-Hall, [1955]
Series:Prentice-Hall physical education series.
Subjects:

MARC

Tag First Indicator Second Indicator Subfields
LEADER 00000cam a2200000 4500
001 in00000068436
005 20151008052006.0
008 721114s1955 nyu 00000 eng u
010 |a  55006877  
035 |a (OCoLC)00493321 
035 |9 AAH1112AM 
040 |c WSU  |d TXA  |d UtOrBLW 
049 |a TXAM  |c [247783] 
050 0 |a GV709  |b .M5 
092 |a 371.74  |b M647i 
100 1 |a Miller, Donna Mae. 
245 1 0 |a Individual and team sports for women /  |c by Donna Mae Miller & Katherine L. Ley. Illustrated by the authors. 
264 1 |a New York :  |b Prentice-Hall,  |c [1955] 
264 4 |c [©1955] 
300 |a 502 pages 
336 |a text  |b txt  |2 rdacontent 
337 |a unmediated  |b n  |2 rdamedia 
338 |a volume  |b nc  |2 rdacarrier 
490 1 |a Prentice-Hall physical education series 
650 0 |a Sports for women. 
700 1 |a Ley, Katherine L. 
830 0 |a Prentice-Hall physical education series. 
999 |a MARS 
999 f f |s 7eacb98c-970f-327e-9bce-6657543d5b6a  |i d7ac005c-7f5a-3932-8d0c-1a940cdc4442  |t 0 
952 f f |p ric  |a Texas A&M University  |b Rellis Campus  |c Joint Library Facility  |d Remote Storage  |t 0  |e GV709 .M5  |h Library of Congress classification  |i unmediated -- volume  |m A14800845790 
998 f f |a GV709 .M5  |t 0  |l Remote Storage